Statistiques concernant Pauvres âmes - La petite sirène [Paroles entières]

Cliquez ici pour prendre le quiz!

Statistiques générales

  • Ce quiz a été pris 154 fois
  • Le résultat moyen est 282 sur 486

Statistiques - réponses

XParoles% Correct
à
100%
| Chanson | UrsulaJe
100%
je
100%
le
99%
ma
99%
| UrsulaMa
99%
En
97%
âme
97%
en
97%
de
97%
de-
97%
et
96%
| ArielEt
96%
pas
93%
Ce
93%
la
93%
que-
93%
La
93%
tout
93%
que
93%
ce
93%
Que
93%
Les
92%
ne
92%
les
92%
un
91%
âmes
91%
Un
91%
ces
91%
pauvre
91%
ta
88%
Une
88%
il
88%
Il
88%
une
88%
| Ariel | UrsulaMais
87%
suis
87%
Sa
86%
C'est
86%
c'est
86%
est
86%
sa
86%
| ArielSi
84%
perdition
84%
j'ai
82%
moi
82%
J'ai
82%
oui
80%
Oui
80%
des
80%
mal
80%
voix
78%
Au
76%
se
76%
pauvres
75%
vrai
75%
ça
74%
pour
74%
Ca
74%
| UrsulaPour
74%
toujours
74%
nom
71%
mes
71%
sans
70%
te
70%
peu
68%
n'ai
68%
mer
68%
toutes
67%
tu
67%
Toutes
67%
UrsulaTu
67%
dis
67%
du
67%
tous
66%
sorcière
66%
fait
64%
faire
62%
par
62%
été
62%
sainte
62%
payer
62%
vous
61%
ton
61%
mérité
61%
même
59%
jour
58%
talent
58%
magie
58%
sincère
57%
puisse
57%
amourette
57%
possédé
55%
arrivé
55%
avec
55%
connais
54%
frire
54%
gentille
53%
vraiment
53%
plaintes
51%
l'une
51%
qu'est-ce
51%
cas
51%
cherche
50%
fais
49%
j'avoue
49%
autrui
49%
Fais
49%
marche
49%
proclame
49%
eu
49%
bonne
49%
dans
47%
Cette
47%
d'être
47%
arrière
47%
compassion
47%
petite
46%
Elle
46%
l'avoir
46%
bien
46%
squelette
46%
Aujourd'hui
45%
toi
45%
mon
45%
ursula
43%
quelle
43%
veux
43%
d'âme
43%
bonté
43%
plus
42%
service
42%
voulu
42%
qui
42%
désespérés
41%
qu'aujourd'hui
41%
verrez
39%
question
39%
ils
39%
corps
39%
L'autre
39%
femme
39%
comptes
38%
mis
38%
rêve
38%
Repentie
37%
j'accepte
37%
as
36%
langage
36%
sirène
34%
Signe
34%
collection
34%
ni
34%
enfants
33%
sauve-nous
33%
faits
32%
choix
32%
contrat
32%
complète
32%
chante
30%
tiens
30%
chaudrons
30%
comment
29%
Nous
29%
mets
26%
humains
26%
d'amour
26%
Elles
25%
très
25%
sont
25%
chère
25%
Très
25%
dire
24%
Trois
24%
Faut
24%
âme-là
24%
peux
24%
débarquent
22%
frimousse
22%
n'aiment
22%
humaine
22%
passer
22%
fond
22%
coûtera
22%
prince
22%
journée
22%
demande
22%
braillant
21%
ont
21%
vie
21%
l'allure
21%
D'une
21%
père
21%
soeurs
20%
rien
20%
chaque
18%
respire
18%
occupée
18%
l'importance
18%
gentleman
18%
aimer
18%
Avale
17%
Jetsam
17%
charmante
17%
quoi
17%
aux
17%
conversation
17%
UrsulaMaintenant
17%
d'ange
17%
j'y
16%
passerai
16%
J'y
16%
reine
16%
l'addition
16%
horreur
16%
fois
16%
langue
14%
alors
14%
vérité
14%
l'éviter
14%
vents
14%
aider
14%
surtout
14%
Caspienne
14%
silence
14%
savante
13%
Flotsam
13%
continue
13%
détresse
13%
sous-estimons
13%
sait
13%
voir
13%
Oh
13%
reverrai
13%
babiole
13%
parlé
13%
est-ce
13%
encore
13%
faite
12%
ChansonAh
12%
Beluga
12%
deviens
12%
paiement
11%
peur
11%
Décide-toi
11%
tenir
11%
grand-chose
11%
ange
11%
mieux
11%
bavardes
11%
Soufflez
11%
sert
11%
pourriez
11%
personne
9%
tourner
9%
peuple
9%
pourras
9%
coeurs
9%
malheureusement
9%
Qu'ils
9%
pensent
9%
souffrent
8%
pieds
8%
vers
8%
réservée
8%
piplettes
8%
n'ont
8%
n'avons
8%
devenir
8%
assommantes
7%
pont
7%
toi-même
7%
suffit
7%
difficiles
5%
souhaites
5%
lorsqu'une
5%
UrsulaAffaire
5%
N'aie
5%
conclue
5%
obtenir
5%
oublié
3%
Qu'après
3%
détail
3%
rampe
3%
Sevruga
1%
roule
1%
minuscule
1%
consacre
0%
Lazynxis
0%
glosytis
0%
corda
0%
vocala
0%
efforts
0%
panne
0%
Pathérique
0%
j'allais
0%

Distribution des résultats

Percentile par nombre de réponses

% des personnes avec chaque résultat

Votre développement - résultats

Vous n’avez pas pris ce quiz